| 000 | 01015aab a2200217 i 4500 | ||
|---|---|---|---|
| 001 | CO-MdFUSB | ||
| 003 | CO-MdFUSB | ||
| 005 | 20240422100947.0 | ||
| 008 | 240416t1983 ag ||||| |||| 00| 0 spa d | ||
| 040 |
_bspa _cCO-MdFUSB |
||
| 041 | _aspa | ||
| 100 | 1 |
_aCLAI _eautor |
|
| 245 |
_aMensaje del Consejo Latinoamericano de Iglesias (CLAI) a las iglesias y pueblos del continente _c/ Consejo Latinoamericano de Iglesias (CLAI) |
||
| 300 |
_aVolumen 2, número 2, (abril - junio, 1983), páginas: 40 - 41 _c; 27 cm |
||
| 520 | _aEl Consejo Latinoamericano de Iglesias ha enfatizado la importancia y urgencia de construir una comprensión más profunda de Cristo para que el mundo se una en América Latina. más humanos según el valor que Dios mismo puso en cada persona. | ||
| 600 | _yTeología | ||
| 650 | 7 |
_aTeología pastoral _9227 |
|
| 653 | _aTeología protestante | ||
| 773 | 0 |
_tIglesia y Misión _049402 _959626 _gVolumen 2, número 2, (abril - junio, 1983), páginas: 40 - 41 _qpágina: 40 |
|
| 942 | _cANA | ||
| 999 |
_c51390 _d51390 |
||